MARC details
| 000 -LEADER |
| fixed length control field |
03134cam a2200409 i 4500 |
| 001 - CONTROL NUMBER |
| control field |
22160997 |
| 003 - CONTROL NUMBER IDENTIFIER |
| control field |
CSPC |
| 005 - DATE AND TIME OF LATEST TRANSACTION |
| control field |
20241011095332.0 |
| 008 - FIXED-LENGTH DATA ELEMENTS--GENERAL INFORMATION |
| fixed length control field |
210802t20222022maua 001 0 eng d |
| 010 ## - LIBRARY OF CONGRESS CONTROL NUMBER |
| LC control number |
2021944226 |
| 020 ## - INTERNATIONAL STANDARD BOOK NUMBER |
| International Standard Book Number |
9780357678091 |
| 035 ## - SYSTEM CONTROL NUMBER |
| System control number |
(OCoLC)on1346426398 |
| 040 ## - CATALOGING SOURCE |
| Original cataloging agency |
A1A |
| Language of cataloging |
eng |
| Transcribing agency |
A1A |
| Modifying agency |
DLC |
| Description conventions |
CSPC |
| 042 ## - AUTHENTICATION CODE |
| Authentication code |
lccopycat |
| 050 00 - LIBRARY OF CONGRESS CALL NUMBER |
| Classification number |
TK5105.59 |
| Item number |
.C53 2022 |
| 082 04 - DEWEY DECIMAL CLASSIFICATION NUMBER |
| Classification number |
005.8076 |
| Edition number |
23 |
| Item number |
C481c |
| 100 1# - MAIN ENTRY--PERSONAL NAME |
| Personal name |
Ciampa, Mark D., |
| Relator term |
author. |
| 245 10 - TITLE STATEMENT |
| Title |
CompTIA CySA+ : |
| Remainder of title |
guide to cybersecurity analyst / |
| Statement of responsibility, etc. |
Mark Ciampa. |
| 250 ## - EDITION STATEMENT |
| Edition statement |
Second edition. |
| 264 #1 - PRODUCTION, PUBLICATION, DISTRIBUTION, MANUFACTURE, AND COPYRIGHT NOTICE |
| Place of production, publication, distribution, manufacture |
Boston, Massachusetts: |
| Name of producer, publisher, distributor, manufacturer |
Cengage, |
| Date of production, publication, distribution, manufacture, or copyright notice |
2022. |
| 264 #4 - PRODUCTION, PUBLICATION, DISTRIBUTION, MANUFACTURE, AND COPYRIGHT NOTICE |
| Date of production, publication, distribution, manufacture, or copyright notice |
©2022 |
| 300 ## - PHYSICAL DESCRIPTION |
| Extent |
xxi, 352 : |
| Other physical details |
color illustrations ; |
| Dimensions |
28 cm. |
| 336 ## - CONTENT TYPE |
| Content type term |
text |
| Source |
rdacontent |
| 337 ## - MEDIA TYPE |
| Media type term |
unmediated |
| Source |
rdamedia |
| 338 ## - CARRIER TYPE |
| Carrier type term |
volume |
| Source |
rdacarrier |
| 500 ## - GENERAL NOTE |
| General note |
"Information security" - On cover. |
| 500 ## - GENERAL NOTE |
| General note |
Includes index. |
| 505 0# - FORMATTED CONTENTS NOTE |
| Formatted contents note |
External threats and internal vulnerabilities -- Enterprise threats and vulnerabilities -- Utilizing threat data and intelligence -- Vulnerability management -- Cloud computing and assessment tools -- Controls and best practices -- Infrastructure controls -- Software and hardware assurance best practices -- Monitoring and security operations -- Security monitoring through data analysis -- Security operations -- Incident response -- planning and procedures -- Responding to a cyber incident -- Compliance -- Risk mitigation -- Data protection and privacy -- Preparing for the CompTIA CySA+ CS0-002 certification exam -- CompTIA cySA+ CS0-002 certification exam objectives -- Two rights & a wrong: answer. |
| 520 ## - SUMMARY, ETC. |
| Summary, etc. |
"Develop the advanced cybersecurity knowledge and skills for success on the latest CompTIA Cybersecurity Analyst certification exam (CySA+ CS0-002) with Ciampa's COMPTIA CYSA+ GUIDE TO CYBERSECURITY ANALYST (CS0-002), 2nd Edition. Updated, 'stair-stepped' content builds on material you've previously mastered as you learn to analyze and interpret threat intelligence data, identify and address both external and internal vulnerabilities and respond effectively to cyber incidents. Each module opens with an actual, recent cybersecurity event that provides context for the information that follows. Quick review questions help test your understanding as you progress through content that completely maps to the latest CySA+ CS0-002 certification. MindTap digital resources offer additional tools to boost understanding and performance. Each module culminates with hands-on Live Virtual Machine Labs that allow you to troubleshoot, practice, explore and try different solutions in a safe, sandbox environment." -- Amazon. |
| 650 #0 - SUBJECT ADDED ENTRY--TOPICAL TERM |
| Topical term or geographic name entry element |
Computer security |
| General subdivision |
Examinations |
| Form subdivision |
Study guides. |
| 650 #7 - SUBJECT ADDED ENTRY--TOPICAL TERM |
| Topical term or geographic name entry element |
Computer security |
| General subdivision |
Examinations. |
| Source of heading or term |
fast |
| Authority record control number or standard number |
(OCoLC)fst00872489 |
| 655 #7 - INDEX TERM--GENRE/FORM |
| Genre/form data or focus term |
Study guides. |
| Source of term |
fast |
| Authority record control number or standard number |
(OCoLC)fst01423888 |
| 906 ## - LOCAL DATA ELEMENT F, LDF (RLIN) |
| a |
7 |
| b |
cbc |
| c |
copycat |
| d |
2 |
| e |
ncip |
| f |
20 |
| g |
y-gencatlg |
| 942 ## - ADDED ENTRY ELEMENTS (KOHA) |
| Source of classification or shelving scheme |
Dewey Decimal Classification |
| Koha item type |
Books |
| Classification part |
005.8076 |
| Call number prefix |
GRD |
| Call number suffix |
2022 |
| Suppress in OPAC |
No |
| Edition |
23 |